000
00158nam a2200073Ia 4500
008
170620s9999 xx 000 0 und d
100
_a
A A
245
0
_a
Minimum Wages Act
260
_b
U .B. S.
999
_c
28693
_d
28693